Teorija rjadov v zadačach i upražnenijach

Gespeichert in:
Bibliographische Detailangaben
1. Verfasser: Šmelev, Pavel Aleksandrovič
Format: Buch
Sprache:Russisch
Veröffentlicht: Moskva Vyššaja škola 1983
Tags: Tag hinzufügen
Keine Tags, Fügen Sie das erste Tag hinzu!

MARC

LEADER 00000nam a2200000 4500
001 c112365
005 20041019155152.7
041 0 |a rus 
044 |a RU 
245 1 0 |a Teorija rjadov v zadačach i upražnenijach  |c Pavel Aleksandrovič Šmelev 
264 1 |a Moskva  |b Vyššaja škola  |c 1983 
300 |a 173 s. 
100 1 |a Šmelev, Pavel Aleksandrovič